Wrong U.S. State - Multiple Choice - Statistics

General Stats
  • This quiz has been taken 22 times
  • The average score is 11 of 15
Answer Stats
Question Answer % Correct
Which of these U.S. States has a city named "Springfield"? Hawaii
85%
Which of these U.S. States is considered part of New England? New York
85%
Which of these U.S. States borders the Great Lakes? North Dakota
85%
Which of these U.S. States has its largest city as its capital? Florida
80%
Which of these U.S. States was part of the Confederacy? Maryland
80%
Which of these U.S. States is landlocked? New Hampshire
80%
Which of these U.S. States has a population greater than 10 million? Washington
80%
Which of these U.S. States has an average temperature lower than 45 °F (7.2 °C)? Utah
75%
Which of these U.S. States voted Republican in the 2024 Presidential Elections? Colorado
70%
Which of these U.S. states is in the top 10 in terms of nominal GDP? Delaware
70%
Which of these U.S. States borders Kentucky? Iowa
70%
Which of these U.S. States has Rodeo as its State Sport? Missouri
65%
Which of these U.S. States is in the Eastern Time Zone (completely or in part)? Mississippi
55%
Which of these U.S. States joined the Union after 1900? Wyoming
55%
Which of these U.S. States is crossed by Route 66? Utah
30%
No matching quizzes found
Score Distribution
Percent of People with Each Score
Percentile by Number Answered
Your Score History
You have not taken this quiz